000 00434pab a2200157 454500
008 180718b2008 xxu||||| |||| 00| 0 eng d
100 _aKay, Cristobal
245 _aReflections on Latin American rural studies in the neoliberal globalization period: a new rurality?
260 _c2008
300 _ap.915-43.
362 _aNov
650 _aRural development
773 _aDevelopment and Change
908 _aN
909 _a81311
999 _c81311
_d81311